[Event "Berlin Spandau op"]
[Site "Berlin"]
[Date "2017.12.29"]
[Round "6"]
[White "Kirschbaum, Heinrich"]
[Black "Thau, Oliver"]
[Result "1/2-1/2"]
[WhiteElo "2060"]
[BlackElo "1771"]
[PlyCount "42"]
[EventDate "2017.12.27"]
[EventType "swiss"]
[EventRounds "7"]
[EventCountry "GER"]
[SourceTitle "CBM 182 Extra"]
[Source "ChessBase"]
[SourceDate "2018.02.23"]
[SourceVersion "1"]
[SourceVersionDate "2018.02.23"]
[SourceQuality "1"]

1. Nf3 g6 2. d4 Bg7 3. c3 d6 4. Bf4 Nd7 5. e3 a6 6. Be2 e6 7. Nbd2 Ne7 8. 0-0 h6 9. h3 0-0 10. e4 g5 11. Bh2 Ng6 12. Bc4 Qe7 13. Re1 e5 14. Nf1 Nf4 15. dxe5 Nxe5 16. Nxe5 dxe5 17. Ne3 c6 18. a4 Be6 19. Bxe6 Qxe6 20. a5 Rad8 21. Qc2 Rd7 1/2-1/2

[Event "Landesliga Nord 0708"]
[Site "Bayern"]
[Date "2007.11.25"]
[Round "3.4"]
[White "Kirschbaum, Heinrich"]
[Black "Sott, Pavel"]
[Result "1/2-1/2"]
[WhiteElo "2078"]
[BlackElo "2128"]
[PlyCount "141"]
[EventDate "2007.10.21"]
[EventType "team-tourn"]
[EventRounds "9"]
[EventCountry "GER"]
[SourceTitle "EXT 2009"]
[Source "ChessBase"]
[SourceDate "2008.11.26"]
[SourceVersion "1"]
[SourceVersionDate "2008.11.26"]
[SourceQuality "1"]
[WhiteTeam "Regensburg Fortuna II"]
[BlackTeam "Koetzting"]
[WhiteTeamCountry "GER"]
[BlackTeamCountry "GER"]

1. Nf3 c5 2. g3 Nc6 3. Bg2 g6 4. 0-0 Bg7 5. d3 d6 6. e4 e6 7. Nbd2 Nge7 8. Re1 0-0 9. Nf1 b5 10. h4 Bb7 11. h5 Qc7 12. hxg6 hxg6 13. Ng5 Ne5 14. Nh2 Rfe8 15. Bh3 N7c6 16. f4 Nd7 17. Nhf3 Nd4 18. Nxd4 Bxd4+ 19. Kh2 Kg7 20. c3 Bf6 21. Nf3 Rh8 22. g4 Rae8 23. g5 Bd8 24. Kg3 f5 25. Bg2 fxe4 26. dxe4 d5 27. e5 Ref8 28. a4 a6 29. axb5 axb5 30. Qc2 Rfg8 31. Bd2 Nb6 32. b3 Nc8 33. Bh3 Qf7 34. b4 d4 35. Rf1 dxc3 36. Qxc3 cxb4 37. Qd3 Ne7 38. Nd4 Nf5+ 39. Bxf5 gxf5 40. Ra7 Kg6 41. Qxb5 Qh7 42. Kf2 Rg7 43. Bxb4 Qh2+ 44. Ke3 Rh3+ 45. Nf3 Bxg5 46. fxg5 f4+ 47. Kd3 Bxf3 48. Rxg7+ Kxg7 49. Qd7+ Kg6 50. Qxe6+ Kh5 51. Qh6+ Kg4 52. Qe6+ Kh5 53. Kd4 Qb2+ 54. Bc3 Qxc3+ 55. Kxc3 Bg4+ 56. Kd4 Bxe6 57. Rxf4 Kxg5 58. Rf2 Rh1 59. Rf6 Rd1+ 60. Ke4 Re1+ 61. Kd4 Bf5 62. Rf8 Kf4 63. Re8 Rd1+ 64. Kc5 Ke4 65. e6 Ke5 66. e7 Rd7 67. Kc6 Ke6 68. Rh8 Rxe7 69. Rh6+ Ke5 70. Rh5 Rd7 71. Rxf5+ 1/2-1/2

[Event "Regionalliga NO 0304"]
[Site "Bayern"]
[Date "2003.11.02"]
[Round "2.3"]
[White "Zuehlke, Burkhard"]
[Black "Kirschbaum, Heinrich"]
[Result "1-0"]
[WhiteElo "1949"]
[BlackElo "2088"]
[PlyCount "161"]
[EventDate "2003.10.??"]
[EventType "team-tourn"]
[EventRounds "9"]
[EventCountry "GER"]
[SourceTitle "EXT 2006"]
[Source "ChessBase"]
[SourceDate "2005.11.24"]
[SourceVersion "1"]
[SourceVersionDate "2005.11.24"]
[SourceQuality "1"]
[WhiteTeam "Zirndorf II"]
[BlackTeam "Regensburg Fortuna III"]
[WhiteTeamCountry "GER"]
[BlackTeamCountry "GER"]

1. d4 Nf6 2. c4 g6 3. Nc3 Bg7 4. e4 d6 5. Be2 0-0 6. Bg5 c5 7. d5 h6 8. Be3 b5 9. cxb5 a6 10. b6 Qxb6 11. Qc2 Nbd7 12. Nf3 Rb8 13. Rb1 Ng4 14. Bd2 Nge5 15. Nxe5 Nxe5 16. f4 Ng4 17. h3 Nf6 18. 0-0 e6 19. dxe6 Bxe6 20. f5 gxf5 21. exf5 Bd7 22. Bf4 d5 23. Bxb8 Rxb8 24. Bf3 c4+ 25. Kh1 d4 26. Nd5 Qb5 27. Nxf6+ Bxf6 28. Be4 Rc8 29. Qd2 Kh7 30. Qf4 Qc5 31. Qg4 Rg8 32. Qh5 Qe7 33. Bd5 Rg5 34. Qxf7+ Qxf7 35. Bxf7 Bc6 36. Rf2 c3 37. bxc3 dxc3 38. Re1 Kg7 39. Bb3 Rg3 40. Kh2 Rd3 41. Re6 Bb7 42. Rf4 h5 43. Rc4 Rd7 44. Rb4 Bd8 45. f6+ Bxf6 46. Rbb6 Bd4 47. Rg6+ Kh8 48. Rh6+ Kg7 49. Rbg6+ Kf8 50. Rg8+ Ke7 51. Re6+ Kf7 52. Rd6+ Ke7 53. Rxd4 Rxd4 54. Rg7+ Kd6 55. Rxb7 Kc5 56. a3 Kc6 57. Re7 Rd3 58. Re4 a5 59. Rc4+ Kd6 60. g4 hxg4 61. hxg4 Ke5 62. g5 Re3 63. Kg2 Kf5 64. Rc5+ Kg6 65. Kf2 Rh3 66. Ke2 Rg3 67. Bc2+ Kg7 68. Rxa5 Rh3 69. Rc5 Rg3 70. a4 Kf7 71. a5 Rh3 72. a6 Ke7 73. Rb5 Rh8 74. Rb7+ Kd6 75. a7 Ra8 76. Be4 c2 77. Bxc2 Ke5 78. g6 Kf6 79. g7 Re8+ 80. Kf2 Ra8 81. Bb3 1-0